000 00310nam a2200121Ia 4500
008 240731s9999 xx 000 0 und d
022 _a1445-7377
245 0 _aIndo-Pacific Journal of Phenomenology
260 _bRoutledge
856 _uhttps://www.tandfonline.com/loi/ripj20
942 _2ddc
942 _cTFEJ
999 _c76941
_d76941
945 _a1
_bMadushi Gamage
_c1
_dMadushi Gamage